|
|
|
|
| LEADER |
00000nas a2200000 a 4500 |
| 001 |
ssj0001816 |
| 003 |
WaSeSS |
| 005 |
20200512172242.0 |
| 006 |
m d |
| 007 |
cr n |
| 008 |
050614d19851996nyubr pss 0 a0eng c |
| 010 |
|
|
|a 2005263255
|
| 022 |
|
|
|a 2376-676X
|y 8756-2324
|
| 035 |
|
|
|a (WaSeSS)ssj0001816
|
| 040 |
|
|
|a OCLCS
|b eng
|e pn
|c OCLCS
|d TXA
|d OCLCQ
|d UV0
|d FJM
|d OCLCQ
|d OCLCF
|d OCLCO
|d DLC
|d UMC
|d OCLCO
|d OCLCE
|d OCLCQ
|d OCLCO
|d OCLCQ
|d OCLCO
|d OCLCQ
|d OCLCA
|d VT2
|d OCLCO
|d OCLCA
|d LVT
|d NJT
|d OCLCA
|d WaSeSS
|
| 042 |
|
|
|a pcc
|a nsdp
|a dlr
|
| 050 |
|
4 |
|a TK1
|b .B425
|
| 060 |
|
4 |
|a W1
|b AT205D
|
| 082 |
0 |
4 |
|a 621.38/05
|2 19
|
| 130 |
0 |
|
|a AT & T technical journal (Online)
|
| 210 |
0 |
|
|a ATT tech. j.
|b (Online)
|
| 222 |
|
0 |
|a AT & T technical journal
|b (Online)
|
| 245 |
1 |
0 |
|a AT & T technical journal
|h [electronic resource].
|
| 246 |
3 |
|
|a American Telephone and Telegraph Company technical journal
|
| 246 |
3 |
|
|a AT and T technical journal
|
| 246 |
1 |
7 |
|a Technical journal
|
| 260 |
|
|
|a New York, NY :
|b AT & T,
|c -[1996]
|
| 310 |
|
|
|a Bimonthly,
|b 1986-1996
|
| 321 |
|
|
|a Ten no. a year,
|b 1985
|
| 362 |
1 |
|
|a Print began with vol. 64, no. 1, pt. 1 (Jan. 1985).
|
| 362 |
0 |
|
|a -v. 75, iss. 2 (Mar. 1996).
|
| 506 |
|
|
|a License restrictions may limit access.
|
| 515 |
|
|
|a Some no. issued in parts.
|
| 538 |
|
|
|a Master and use copy. Digital master created according to Benchmark for Faithful Digital Reproductions of Monographs and Serials, Version 1. Digital Library Federation, December 2002.
|u http://purl.oclc.org/DLF/benchrepro0212
|5 MiAaHDL
|
| 583 |
1 |
|
|a digitized
|c 2010
|h HathiTrust Digital Library
|l committed to preserve
|2 pda
|5 MiAaHDL
|
| 588 |
|
|
|a Description based on: Vol. 73, iss. 1; title from issue table of contents (ProQuest, viewed July 29 2005).
|
| 588 |
|
|
|a Latest issue consulted: Vol. 75, issue 2 (Mar. 1996) (Proquest, viewed on December 17, 2014).
|
| 650 |
|
0 |
|a Telecommunication
|v Periodicals.
|
| 650 |
|
0 |
|a Electrical engineering
|v Periodicals.
|
| 650 |
|
7 |
|a Electrical engineering.
|2 fast
|0 (OCoLC)fst01728596
|
| 650 |
|
7 |
|a Telecommunication.
|2 fast
|0 (OCoLC)fst01145830
|
| 650 |
1 |
7 |
|a Telecommunicatie.
|2 gtt
|
| 650 |
1 |
7 |
|a Telefonie.
|2 gtt
|
| 650 |
|
2 |
|a Computers.
|
| 650 |
|
2 |
|a Technology.
|
| 650 |
|
2 |
|a Telecommunications.
|
| 655 |
|
0 |
|a Electronic journals.
|
| 710 |
2 |
|
|a AT & T (Firm)
|
| 776 |
0 |
8 |
|i Print version:
|t AT & T technical journal
|x 8756-2324
|w (DLC) 85644399
|w (OCoLC)11492357
|
| 780 |
0 |
0 |
|t AT & T Bell Laboratories technical journal
|x 2376-7162
|w (DLC) 2014203908
|w (OCoLC)557517036
|
| 785 |
0 |
0 |
|t Bell Labs technical journal
|x 1538-7305
|w (DLC) 2002213727
|w (OCoLC)44653530
|
| 856 |
4 |
0 |
|z Full text available from Research Library: 03/01/1996 to 03/31/1996
|u https://search.proquest.com/publication/41308
|